000 00583nam a2200169 i 4500
001 94678
003 ES-MaACL
005 20230906181530.0
007 t|
008 050511s1969 sp ||||1| spa d
100 1 _aLozano Hernández, Manuel.
_974448
245 1 0 _aApuntes sobre cooperación, administración pública y organización sindical /
_cpor Manuel Lozano Hernández.
260 _aMadrid :
_bCapacitación Agraria,
_c1969.
300 _a109 p. ;
_c24 cm.
710 2 _aEspaña.
_bDirección General de Capacitación Agraria.
_93712
852 _aES-MaACL
_jC-45558
_bR.70430
999 _c94678
_d94678